| 000 | 01336nam a22002297a 4500 | ||
|---|---|---|---|
| 003 | OSt | ||
| 005 | 20240527154410.0 | ||
| 008 | 240527b ||||| |||| 00| 0 spa d | ||
| 020 | _a9789800123546 | ||
| 040 | _cCO-Mq BPB | ||
| 041 | _aspa | ||
| 082 |
_aAP _bORTm |
||
| 100 |
_aOrtega, Miguel Enrique _eAutor |
||
| 245 |
_aEl mudo pedante: _blas formas del fuego |
||
| 264 |
_aCaracas - Venezuela: _bMonte Ávila Editores Latinoamericana _c2022 |
||
| 300 |
_a84 páginas _btapa rustica _c22 cm |
||
| 521 | _aEl mundo pedante es un libro que expresa la voz de un personaje habitualmente silencioso cargado de opiniones polémicas y abrasivas en una sociedad que, por un lado , se sostiene de bases científicas, pero por otro lado, derrumba sin piedad las bases que la sostienen: el cambio climático, la crueldad hacia las especies animales y similares, la caótica vida en las grandes ciudades y otros temas que este personaje no puede tocar en publico a no ser que su intención sea ser victima del linchamiento. En otro orden, este libro abraza temas de lo cotidiano con toda su belleza implícita que, sin duda alguna, sostienen a este <<mudo pedante>> en un mundo que diverge a su oculta opinión de las cosas. | ||
| 650 | _aLiteratura venezolana | ||
| 650 | _aPoesía venezolana | ||
| 650 | _aSociedad | ||
| 942 |
_2ddc _cBKLIT |
||
| 999 |
_c15519 _d15519 |
||